| 000 | 00554nam a2200181 i 4500 | ||
|---|---|---|---|
| 001 | bg | ||
| 003 | KOSZ 005 | ||
| 005 | 20170708104730.0 | ||
| 008 | s pl f |000 0 pol | ||
| 040 |
_cKOSZ 005/ID _dKOSZ 005/ID |
||
| 041 | _apol | ||
| 080 | _a624 | ||
| 100 | 1 | _aHammond, Rolt. | |
| 245 | 0 |
_aConcise encyclopaedic dictionary of civil engineering / _cR. Hammond. |
|
| 260 |
_aAmsterdam : _bElsevier, _c1968. |
||
| 856 |
_uhttp://koha.tu.koszalin.pl/cgi-bin/koha/opac-detail.pl?biblionumber=8495 _yKatalog online BPK |
||
| 942 |
_cKS _2UKD |
||
| 999 |
_c8495 _d8495 |
||